[Event "Madrid-chT 1920"]
[Site "Madrid"]
[Date "2019.11.24"]
[Round "1.1"]
[White "Gago Padreny, Ignacio"]
[Black "Sanchez Saez, Francisco"]
[Result "1/2-1/2"]
[WhiteElo "2276"]
[BlackElo "2337"]
[PlyCount "75"]
[EventDate "2019.11.24"]
[EventType "team-tourn"]
[EventRounds "14"]
[EventCountry "ESP"]
[SourceVersionDate "2019.11.24"]
[WhiteTeam "Getafe"]
[BlackTeam "Blanco y Negro"]
[WhiteTeamCountry "ESP"]
[BlackTeamCountry "ESP"]

1. d4 Nf6 2. c4 c5 3. d5 e6 4. Nc3 exd5 5. cxd5 d6 6. e4 g6 7. f3 Bg7 8. Nge2
O-O 9. Ng3 a6 10. a4 Ne8 11. Be3 h5 12. Be2 h4 13. Nf1 Nd7 14. Nd2 f5 15. exf5
gxf5 16. f4 Ndf6 17. Nf3 Ng4 18. Bg1 Qe7 19. h3 Ngf6 20. Nxh4 Ne4 21. Nxe4
Qxh4+ 22. g3 Qh8 23. Ng5 Bxb2 24. Rb1 Bc3+ 25. Kf1 Nf6 26. Rb6 Ne4 27. Nxe4
fxe4 28. Bg4 Qg7 29. Rxd6 Be5 30. Re6 Bxf4 31. gxf4 Rxf4+ 32. Kg2 Bxe6 33. dxe6
Qb2+ 34. Be2 Qg7+ 35. Bg4 Qb2+ 36. Be2 Qg7+ 37. Bg4 Qb2+ 38. Be2 1/2-1/2

[Event "Madrid-chT 1920"]
[Site "Madrid"]
[Date "2019.11.24"]
[Round "1.2"]
[White "Ballester Llagaria, Luis Eduardo"]
[Black "Khudov, Oleksandr"]
[Result "1-0"]
[WhiteElo "2312"]
[BlackElo "2264"]
[PlyCount "53"]
[EventDate "2019.11.24"]
[EventType "team-tourn"]
[EventRounds "14"]
[EventCountry "ESP"]
[SourceVersionDate "2019.11.24"]
[WhiteTeam "Blanco y Negro"]
[BlackTeam "Getafe"]
[WhiteTeamCountry "ESP"]
[BlackTeamCountry "ESP"]

1. e4 e6 2. d4 d5 3. Nd2 c5 4. Ngf3 Nc6 5. c3 cxd4 6. cxd4 dxe4 7. Nxe4 Bb4+ 8.
Nc3 Nf6 9. Bd3 Nd5 10. Bd2 O-O 11. O-O b6 12. a3 Be7 13. Nxd5 Qxd5 14. Qc2 f5
15. Bc4 Qd6 16. Bc3 Kh8 17. Rfe1 Bd7 18. Rad1 Rac8 19. d5 exd5 20. Rxd5 Qc7 21.
Ba6 Bc5 22. b4 Bd6 23. Qb2 Rcd8 24. Bxg7+ Kg8 25. Bxf8 Bxf8 26. Bc4 Qf4 27.
Red1 1-0

[Event "Madrid-chT 1920"]
[Site "Madrid"]
[Date "2019.11.24"]
[Round "1.3"]
[White "Garcia Salamero, Gabriel"]
[Black "Renteria Becerra, Jorge Elicer"]
[Result "1/2-1/2"]
[WhiteElo "2194"]
[BlackElo "2284"]
[PlyCount "70"]
[EventDate "2019.11.24"]
[EventType "team-tourn"]
[EventRounds "14"]
[EventCountry "ESP"]
[SourceVersionDate "2019.11.24"]
[WhiteTeam "Getafe"]
[BlackTeam "Blanco y Negro"]
[WhiteTeamCountry "ESP"]
[BlackTeamCountry "ESP"]

1. e4 c5 2. Nf3 d6 3. d4 cxd4 4. Nxd4 Nf6 5. Nc3 a6 6. h3 e5 7. Nde2 h5 8. g3
b5 9. Bg2 Bb7 10. a3 Nbd7 11. Nd5 Nxd5 12. exd5 h4 13. g4 Be7 14. Nc3 O-O 15.
O-O Rc8 16. Qd3 g6 17. Bh6 Re8 18. Be3 Nb6 19. Rae1 Qc7 20. f4 exf4 21. Bd4 Nc4
22. Rxf4 Ne5 23. Qf1 Bg5 24. Ne4 Bxf4 25. Qxf4 Qe7 26. Rf1 Rf8 27. Nxd6 Qxd6
28. Bxe5 Qe7 29. Bf6 Qc5+ 30. Bd4 Qe7 31. d6 Rxc2 32. dxe7 Rxg2+ 33. Kh1 Rf2+
34. Kg1 Rg2+ 35. Kh1 Rf2+ 1/2-1/2

[Event "Madrid-chT 1920"]
[Site "Madrid"]
[Date "2019.11.24"]
[Round "1.4"]
[White "Alarcia Astiz, Carlos"]
[Black "Alcazar Jimenez, Jesus Alberto"]
[Result "1-0"]
[WhiteElo "2280"]
[BlackElo "2174"]
[PlyCount "59"]
[EventDate "2019.11.24"]
[EventType "team-tourn"]
[EventRounds "14"]
[EventCountry "ESP"]
[SourceVersionDate "2019.11.24"]
[WhiteTeam "Blanco y Negro"]
[BlackTeam "Getafe"]
[WhiteTeamCountry "ESP"]
[BlackTeamCountry "ESP"]

1. e4 c5 2. Nf3 Nc6 3. d4 cxd4 4. Nxd4 Nf6 5. Nc3 e6 6. Ndb5 Bc5 7. Nd6+ Ke7 8.
Nxc8+ Rxc8 9. Bd3 a6 10. O-O Qc7 11. Kh1 h6 12. f4 d6 13. Qf3 Rcf8 14. a3 Nd7
15. Bd2 Bd4 16. Rab1 Bf6 17. Rfe1 Kd8 18. b4 Nd4 19. Qf2 g5 20. b5 gxf4 21.
bxa6 bxa6 22. Bxa6 Qc5 23. e5 Bxe5 24. Ne4 Qc6 25. Bb7 Qxc2 26. Rec1 Qd3 27.
Bxf4 f5 28. Qh4+ Ke8 29. Nxd6+ Bxd6 30. Bxd6 1-0

[Event "Madrid-chT 1920"]
[Site "Madrid"]
[Date "2019.11.24"]
[Round "1.5"]
[White "Garcia Garrido, Antonio"]
[Black "Rodriguez Melendez, Juan Humbert"]
[Result "0-1"]
[WhiteElo "2148"]
[BlackElo "2242"]
[PlyCount "92"]
[EventDate "2019.11.24"]
[EventType "team-tourn"]
[EventRounds "14"]
[EventCountry "ESP"]
[SourceVersionDate "2019.11.24"]
[WhiteTeam "Getafe"]
[BlackTeam "Blanco y Negro"]
[WhiteTeamCountry "ESP"]
[BlackTeamCountry "ESP"]

1. e4 c5 2. c3 Nf6 3. e5 Nd5 4. d4 cxd4 5. Nf3 Nc6 6. cxd4 d6 7. exd6 Qxd6 8.
Nc3 e6 9. Bd2 Be7 10. Qb3 O-O 11. Ne4 Qd8 12. Bb5 Nf6 13. Bxc6 bxc6 14. Nxf6+
Bxf6 15. Qa4 c5 16. Bc3 Bb7 17. Ne5 Bxe5 18. dxe5 Bxg2 19. Rg1 Bf3 20. Qc4 Qd5
21. Qxd5 exd5 22. Rg3 Bh5 23. f4 d4 24. Ba5 c4 25. Rc1 Rfc8 26. b3 cxb3 27.
Rxc8+ Rxc8 28. axb3 Bg6 29. Bd2 Rc2 30. b4 Ra2 31. Rg5 h6 32. Rg3 Kf8 33. b5 d3
34. Bb4+ Ke8 35. e6 Re2+ 36. Kd1 Rxe6 37. Bc5 a6 38. bxa6 Rxa6 39. Bd4 Ra2 40.
Bc3 Rxh2 41. Be1 Bh5+ 42. Kc1 Rc2+ 43. Kb1 d2 44. Re3+ Kf8 45. Kxc2 d1=Q+ 46.
Kc3 Bg6 0-1

[Event "Madrid-chT 1920"]
[Site "Madrid"]
[Date "2019.11.24"]
[Round "1.6"]
[White "Rottenwohrer Suarez, Juan"]
[Black "Guerrero Villanueva, David"]
[Result "1-0"]
[WhiteElo "2222"]
[BlackElo "2010"]
[PlyCount "81"]
[EventDate "2019.11.24"]
[EventType "team-tourn"]
[EventRounds "14"]
[EventCountry "ESP"]
[SourceVersionDate "2019.11.24"]
[WhiteTeam "Blanco y Negro"]
[BlackTeam "Getafe"]
[WhiteTeamCountry "ESP"]
[BlackTeamCountry "ESP"]

1. Nf3 d6 2. d4 g6 3. g3 Bg7 4. Bg2 e6 5. O-O Ne7 6. e4 O-O 7. Nc3 Nd7 8. h4 h6
9. Be3 Kh7 10. Qd2 Nb6 11. b3 e5 12. Rad1 Bg4 13. Rde1 Qc8 14. Kh2 Nc6 15. d5
Ne7 16. Ng1 Bd7 17. f4 f5 18. fxe5 Bxe5 19. Bd4 Bxd4 20. Qxd4 Rf7 21. Bh3 Qf8
22. e5 dxe5 23. Rxe5 Qg7 24. Nge2 Be8 25. Qe3 Nd7 26. Re6 a6 27. h5 g5 28. Nd4
Nf8 29. Nxf5 Nxf5 30. Bxf5+ Kh8 31. Rxe8 Rxe8 32. Qxe8 Re7 33. Qd8 Qf6 34. Be4
Qxf1 35. Qxe7 Qf2+ 36. Bg2 Qf5 37. Ne4 Nh7 38. Qd8+ Kg7 39. Qxc7+ Kh8 40. Nd6
Qg4 41. Nf7+ 1-0

[Event "Madrid-chT 1920"]
[Site "Madrid"]
[Date "2019.11.30"]
[Round "1.1"]
[White "Vazquez Igarza, Renier"]
[Black "Espinosa Aranda, Angel"]
[Result "0-1"]
[WhiteElo "2562"]
[BlackElo "2511"]
[PlyCount "52"]
[EventDate "2019.11.24"]
[EventType "team-tourn"]
[EventRounds "14"]
[EventCountry "ESP"]
[SourceVersionDate "2019.11.24"]
[WhiteTeam "Collado Villalba"]
[BlackTeam "Virgen de Atocha"]
[WhiteTeamCountry "ESP"]
[BlackTeamCountry "ESP"]

1. Nf3 d5 2. c4 c6 3. d4 Nf6 4. Nc3 a6 5. a4 e6 6. Bg5 Be7 7. e3 a5 8. Be2 O-O
9. O-O Na6 10. Qb3 Nb4 11. Na2 Na6 12. Rac1 Ne4 13. Bf4 g5 14. Bg3 g4 15. Ne5
f6 16. Nxg4 h5 17. cxd5 exd5 18. Nh6+ Kg7 19. Bf4 Bd6 20. Bxa6 bxa6 21. Rxc6
Bxf4 22. exf4 Kxh6 23. Re1 Bd7 24. Rcc1 Bf5 25. f3 Rb8 26. Qd3 Rxb2 0-1

[Event "Madrid-chT 1920"]
[Site "Madrid"]
[Date "2019.11.23"]
[Round "1.2"]
[White "Almagro Llamas, Pablo"]
[Black "Pulvett Marin, Daniel Eduardo"]
[Result "1/2-1/2"]
[WhiteElo "2467"]
[BlackElo "2487"]
[PlyCount "88"]
[EventDate "2019.11.24"]
[EventType "team-tourn"]
[EventRounds "14"]
[EventCountry "ESP"]
[SourceVersionDate "2019.11.24"]
[WhiteTeam "Virgen de Atocha"]
[BlackTeam "Collado Villalba"]
[WhiteTeamCountry "ESP"]
[BlackTeamCountry "ESP"]

1. d4 d5 2. c4 dxc4 3. Nf3 Nf6 4. e3 e6 5. Bxc4 a6 6. O-O b5 7. Be2 Bb7 8. a4
b4 9. b3 Nbd7 10. Bb2 c5 11. Nbd2 Be7 12. Rc1 Rc8 13. Nc4 O-O 14. Nfe5 cxd4 15.
Bxd4 Nc5 16. Qc2 Nd5 17. Rfd1 f6 18. Nd3 Qe8 19. Bf3 Qg6 20. Nxc5 Qxc2 21. Rxc2
Bxc5 22. Bb2 Be7 23. Rdc1 Rc7 24. Na5 Rxc2 25. Rxc2 Ba8 26. Kf1 Kf7 27. Be2 Nc3
28. Bxc3 Be4 29. Rc1 bxc3 30. Rxc3 Bb4 31. Rc7+ Kg6 32. Rc4 Bxg2+ 33. Kxg2 Bxa5
34. Rc6 Rb8 35. Rxa6 Bc3 36. Bc4 e5 37. a5 Rc8 38. Ra7 Rc5 39. a6 Ra5 40. Rb7
e4 41. b4 Ra4 42. Bb3 Rxa6 43. b5 Rd6 44. Rf7 f5 1/2-1/2

[Event "Madrid-chT 1920"]
[Site "Madrid"]
[Date "2019.11.23"]
[Round "1.3"]
[White "Moreno Ruiz, Javier"]
[Black "Plazuelo Pascual, Juan"]
[Result "1/2-1/2"]
[WhiteElo "2457"]
[BlackElo "2433"]
[PlyCount "100"]
[EventDate "2019.11.24"]
[EventType "team-tourn"]
[EventRounds "14"]
[EventCountry "ESP"]
[SourceVersionDate "2019.11.24"]
[WhiteTeam "Collado Villalba"]
[BlackTeam "Virgen de Atocha"]
[WhiteTeamCountry "ESP"]
[BlackTeamCountry "ESP"]

1. e4 e6 2. d4 d5 3. Nd2 c5 4. exd5 exd5 5. Ngf3 Nc6 6. Bb5 Qe7+ 7. Be2 Qc7 8.
O-O Nf6 9. dxc5 Bxc5 10. Nb3 Be7 11. Bg5 O-O 12. c3 Be6 13. Nbd4 Rfe8 14. Re1
Rad8 15. Qd3 Ne4 16. Bxe7 Rxe7 17. Rad1 a6 18. Nxc6 Qxc6 19. Qd4 Qc7 20. Bd3
Nf6 21. h3 h6 22. Re3 Bc8 23. Rxe7 Qxe7 24. Qb6 Qd6 25. Qxd6 Rxd6 26. Bc2 b6
27. Nd4 Kf8 28. h4 g6 29. f3 Rd8 30. Kf2 h5 31. Bb3 Bb7 32. Nc2 Ke7 33. Ne3 b5
34. Rd4 Kd6 35. Ke2 Re8 36. Kd2 Re5 37. a4 Bc6 38. axb5 axb5 39. Rf4 Ke6 40.
Nc2 Ke7 41. Rb4 Bd7 42. Ne3 Bc6 43. Bc2 Ne8 44. f4 Re6 45. f5 gxf5 46. Nxf5+
Kd7 47. Ng3 Re5 48. Rf4 Nd6 49. b3 Ke6 50. Bd1 Ne4+ 1/2-1/2

[Event "Madrid-chT 1920"]
[Site "Madrid"]
[Date "2019.11.30"]
[Round "1.4"]
[White "Cabrera Trujillo, Jorge Juan"]
[Black "Suarez Uriel, Adrian"]
[Result "0-1"]
[WhiteElo "2294"]
[BlackElo "2389"]
[PlyCount "104"]
[EventDate "2019.11.24"]
[EventType "team-tourn"]
[EventRounds "14"]
[EventCountry "ESP"]
[SourceVersionDate "2019.11.24"]
[WhiteTeam "Virgen de Atocha"]
[BlackTeam "Collado Villalba"]
[WhiteTeamCountry "ESP"]
[BlackTeamCountry "ESP"]

1. e4 c5 2. Nf3 Nc6 3. d4 cxd4 4. Nxd4 Nf6 5. Nc3 e5 6. Ndb5 d6 7. Bg5 a6 8.
Na3 b5 9. Nd5 Be7 10. Bxf6 Bxf6 11. c3 O-O 12. Nc2 Bg5 13. a4 bxa4 14. Rxa4 a5
15. Bc4 Rb8 16. b3 Kh8 17. Nce3 Ne7 18. O-O Nxd5 19. Nxd5 f5 20. exf5 Bxf5 21.
Qe2 Rb7 22. Rfa1 Rbf7 23. Rxa5 Bg6 24. Ra7 Rxa7 25. Rxa7 e4 26. b4 Qe8 27. b5
Bh5 28. Qe1 Bf7 29. b6 e3 30. f4 Bxd5 31. Bxd5 e2 32. Bf3 Qe3+ 33. Kh1 Bxf4 34.
Ra2 Qxb6 35. Rxe2 Be5 36. Re3 Qb2 37. c4 Qc2 38. Re4 Rb8 39. Bd1 Qc1 40. Re3
Rb1 41. Rd3 Qxc4 42. Qf1 h6 43. Qf8+ Kh7 44. Qf5+ Kg8 45. g3 Qc6+ 46. Kg1 Rb2
47. Bf3 Qc5+ 48. Kh1 Rb1+ 49. Kg2 Rb2+ 50. Kh3 Rxh2+ 51. Kg4 h5+ 52. Kg5 Qc1+
0-1

[Event "Madrid-chT 1920"]
[Site "Madrid"]
[Date "2019.11.23"]
[Round "1.5"]
[White "Lianes Garcia, Marcos"]
[Black "Martinez Conde Hernandez, Carlos"]
[Result "1-0"]
[WhiteElo "2340"]
[BlackElo "2193"]
[PlyCount "131"]
[EventDate "2019.11.24"]
[EventType "team-tourn"]
[EventRounds "14"]
[EventCountry "ESP"]
[SourceVersionDate "2019.11.24"]
[WhiteTeam "Collado Villalba"]
[BlackTeam "Virgen de Atocha"]
[WhiteTeamCountry "ESP"]
[BlackTeamCountry "ESP"]

1. d4 Nf6 2. c4 g6 3. Nc3 Bg7 4. e4 d6 5. Be2 O-O 6. Be3 Na6 7. g4 e5 8. d5 Nc5
9. f3 a5 10. h4 h5 11. g5 Nh7 12. Qd2 f6 13. gxf6 Bxf6 14. O-O-O Bxh4 15. Nh3
Bxh3 16. Rxh3 Rf4 17. Rg1 Kg7 18. Bxf4 exf4 19. Rg2 Bg5 20. e5 dxe5 21. Bd3 Ra6
22. Ne4 Nxe4 23. Bxe4 Kh6 24. Qc2 Nf8 25. c5 b6 26. c6 Ra8 27. Rh1 Qd6 28. Rhg1
Nh7 29. Kb1 Rg8 30. Qc3 Rg7 31. a3 Rg8 32. Ka2 Rd8 33. Qc4 Rg8 34. Kb1 Rd8 35.
Ka1 Ra8 36. Ka2 Rd8 37. a4 Rg8 38. Qc3 Rg7 39. Qa3 Qxa3+ 40. bxa3 h4 41. Kb3
Kh5 42. Rg4 Kh6 43. Kc4 Kh5 44. Bc2 Kh6 45. Bb1 Kh5 46. Bd3 Kh6 47. Be4 Kh5 48.
Kd3 Kh6 49. Ke2 Kh5 50. Kf1 Kh6 51. Ke2 Kh5 52. Kd2 Kh6 53. Kd3 Kh5 54. Kc4 Kh6
55. Bd3 Kh5 56. Kb5 Kh6 57. Ka6 Kh5 58. Kb7 Kh6 59. d6 cxd6+ 60. c7 d5 61. Kxb6
Rxc7 62. Kxc7 e4 63. fxe4 f3 64. exd5 Kh5 65. d6 h3 66. R4g3 1-0

[Event "Madrid-chT 1920"]
[Site "Madrid"]
[Date "2019.11.23"]
[Round "1.6"]
[White "Perez de Aranda, Leonardo Ivan"]
[Black "Cao Armillas, Jesus"]
[Result "1-0"]
[WhiteElo "2131"]
[BlackElo "2054"]
[PlyCount "139"]
[EventDate "2019.11.24"]
[EventType "team-tourn"]
[EventRounds "14"]
[EventCountry "ESP"]
[SourceVersionDate "2019.11.24"]
[WhiteTeam "Virgen de Atocha"]
[BlackTeam "Collado Villalba"]
[WhiteTeamCountry "ESP"]
[BlackTeamCountry "ESP"]

1. e4 c5 2. Nf3 d6 3. d4 cxd4 4. Qxd4 Nc6 5. Bb5 Bd7 6. Bxc6 Bxc6 7. Nc3 Nf6 8.
Bg5 e6 9. O-O-O Be7 10. Rhe1 O-O 11. e5 dxe5 12. Qh4 Qc7 13. Nxe5 h6 14. Bxh6
gxh6 15. Qxh6 Nh7 16. f4 Bf6 17. Re3 Bxe5 18. fxe5 f5 19. Qxe6+ Kh8 20. Nd5
Bxd5 21. Rxd5 Rae8 22. Rd7 Rxe6 23. Rxc7 Rh6 24. h3 Rg6 25. Rxb7 Rxg2 26. e6 f4
27. Rd3 Nf6 28. e7 Re8 29. Rf3 Re2 30. Rxf4 Kg7 31. Rxa7 Nd5 32. Rg4+ Kf7 33.
b4 Nxe7 34. Rc7 Rh8 35. h4 Ke6 36. Kb2 Rf8 37. a4 Kd6 38. Rc5 Rb8 39. Rd4+ Ke6
40. b5 Nf5 41. Rb4 Nd6 42. b6 Nb7 43. Rc6+ Kd5 44. Rg6 Nd6 45. Kb3 Rc8 46. b7
Rcxc2 47. Rxd6+ Ke5 48. b8=Q Rb2+ 49. Kc4 Rec2+ 50. Kb5 Rxb4+ 51. Kxb4 Rb2+ 52.
Kc5 Rxb8 53. Rd1 Rc8+ 54. Kb4 Rb8+ 55. Ka3 Kf5 56. a5 Kg6 57. Rd4 Kh5 58. Ka4
Rb7 59. a6 Rb1 60. Ka5 Rf1 61. Kb6 Rf6+ 62. Kb7 Rf7+ 63. Kc6 Rf6+ 64. Rd6 Rf7
65. Rd7 Rf6+ 66. Kb7 Rf1 67. a7 Rb1+ 68. Kc8 Rc1+ 69. Kb8 Rb1+ 70. Rb7 1-0

[Event "Madrid-chT 1920"]
[Site "Madrid"]
[Date "2019.11.24"]
[Round "1.1"]
[White "Reyes Larena, Juan"]
[Black "Sanchez Gonzalez, Sergio"]
[Result "1-0"]
[WhiteElo "2442"]
[BlackElo "2292"]
[PlyCount "75"]
[EventDate "2019.11.24"]
[EventType "team-tourn"]
[EventRounds "14"]
[EventCountry "ESP"]
[SourceVersionDate "2019.11.24"]
[WhiteTeam "San Sebastian de los Reyes"]
[BlackTeam "Liberty Chess"]
[WhiteTeamCountry "ESP"]
[BlackTeamCountry "ESP"]

1. e4 c5 2. Nf3 e6 3. d3 Nc6 4. g3 d5 5. Nbd2 g6 6. Bg2 Bg7 7. O-O Nge7 8. Re1
O-O 9. c3 b6 10. e5 Qc7 11. Qe2 Ba6 12. Nf1 Rad8 13. h4 b5 14. d4 cxd4 15. cxd4
Rc8 16. Bg5 Qa5 17. Ne3 Rc7 18. h5 Rfc8 19. hxg6 hxg6 20. Red1 Qb4 21. Bh3 Kf8
22. Kg2 Bb7 23. Bf6 Bxf6 24. exf6 Ng8 25. Ng4 Na5 26. b3 Rc2 27. Qe5 Qa3 28.
Ng5 Nc6 29. Qf4 Nd8 30. Ne5 R8c7 31. Bxe6 fxe6 32. f7 Nxf7 33. Nexf7 Ke8 34.
Re1 Bc8 35. Nd6+ Kd7 36. Rxe6 Qb2 37. Rf1 Re2 38. Nxb5 1-0

[Event "Madrid-chT 1920"]
[Site "Madrid"]
[Date "2019.11.24"]
[Round "1.2"]
[White "Perez Gonzalez, Jose Manuel"]
[Black "Reyes Penas, Sebastian"]
[Result "1/2-1/2"]
[WhiteElo "2161"]
[BlackElo "2220"]
[PlyCount "83"]
[EventDate "2019.11.24"]
[EventType "team-tourn"]
[EventRounds "14"]
[EventCountry "ESP"]
[SourceVersionDate "2019.11.24"]
[WhiteTeam "Liberty Chess"]
[BlackTeam "San Sebastian de los Reyes"]
[WhiteTeamCountry "ESP"]
[BlackTeamCountry "ESP"]

1. e4 c5 2. Nf3 e6 3. c3 Nf6 4. e5 Nd5 5. g3 d6 6. exd6 Bxd6 7. Bg2 O-O 8. O-O
Nc6 9. d4 cxd4 10. Nxd4 Nxd4 11. Qxd4 Be7 12. Rd1 Qc7 13. Bxd5 exd5 14. Bf4 Qc6
15. Qxd5 Qb6 16. Qb3 Qg6 17. Nd2 b6 18. Qd5 Bf5 19. Re1 Rad8 20. Qg2 Bg5 21.
Bxg5 Qxg5 22. Nf3 Qg4 23. Nd4 Bc8 24. Nc6 Rd2 25. Ne7+ Kh8 26. Nxc8 Qxc8 27.
Rab1 Qc4 28. Red1 Qxa2 29. Rxd2 Qxb1+ 30. Qf1 Qe4 31. Rd7 a5 32. Qd3 Qxd3 33.
Rxd3 Kg8 34. Rd7 Rb8 35. Kf1 g6 36. Ke2 b5 37. Kd3 a4 38. Rd4 Kg7 39. Kc2 Re8
40. Kd2 Rb8 41. Kc2 Re8 42. Kd2 1/2-1/2

[Event "Madrid-chT 1920"]
[Site "Madrid"]
[Date "2019.11.24"]
[Round "1.3"]
[White "Martinez Fernandez, Raul"]
[Black "Barraza Caracuel, Ignacio"]
[Result "0-1"]
[WhiteElo "2203"]
[BlackElo "2125"]
[PlyCount "104"]
[EventDate "2019.11.24"]
[EventType "team-tourn"]
[EventRounds "14"]
[EventCountry "ESP"]
[SourceVersionDate "2019.11.24"]
[WhiteTeam "San Sebastian de los Reyes"]
[BlackTeam "Liberty Chess"]
[WhiteTeamCountry "ESP"]
[BlackTeamCountry "ESP"]

1. e4 e5 2. Nf3 Nc6 3. d4 exd4 4. Nxd4 Bb4+ 5. c3 Bc5 6. Nxc6 bxc6 7. Bd3 Qh4
8. O-O Nf6 9. g3 Qh3 10. Qf3 d6 11. Nd2 O-O 12. Nb3 Bb6 13. Nd4 Bg4 14. Qg2 Qh5
15. Re1 Bxd4 16. cxd4 Bf3 17. Qf1 Rfe8 18. e5 dxe5 19. Rxe5 Rxe5 20. dxe5 Ng4
21. h3 Nxe5 22. Bf4 Bd5 23. Bxe5 Qxe5 24. Qe2 Qxe2 25. Bxe2 Rb8 26. b3 Kf8 27.
Rc1 Ke7 28. Rc5 Kd6 29. Ra5 Ra8 30. Kf1 c5 31. b4 Rb8 32. bxc5+ Ke5 33. f4+ Kd4
34. Rxa7 c6 35. Bd1 Rb1 36. Ke2 Rb2+ 37. Ke1 Rxa2 38. Rxa2 Bxa2 39. Kd2 h6 40.
g4 g5 41. fxg5 hxg5 42. Ba4 Bd5 43. Ke2 Kxc5 44. Kf2 Kb4 45. Bc2 Kc3 46. Bf5
Kd2 47. Kg3 Ke3 48. h4 gxh4+ 49. Kxh4 Kf4 50. Bc2 c5 51. g5 Be4 52. Bb3 Bg6 0-1

[Event "Madrid-chT 1920"]
[Site "Madrid"]
[Date "2019.11.24"]
[Round "1.4"]
[White "Suarez Triguero, Jose Alfonso"]
[Black "Quevedo Marin, Manuel"]
[Result "0-1"]
[WhiteElo "2047"]
[BlackElo "2210"]
[PlyCount "22"]
[EventDate "2019.11.24"]
[EventType "team-tourn"]
[EventRounds "14"]
[EventCountry "ESP"]
[SourceVersionDate "2019.11.24"]
[WhiteTeam "Liberty Chess"]
[BlackTeam "San Sebastian de los Reyes"]
[WhiteTeamCountry "ESP"]
[BlackTeamCountry "ESP"]

1. e4 e5 2. Bc4 Nf6 3. d3 c6 4. Nf3 Be7 5. c3 d6 6. a4 O-O 7. Bg5 Nbd7 8. Nbd2
a5 9. O-O h6 10. Bh4 Nh5 11. Nxe5 Nxe5 0-1

[Event "Madrid-chT 1920"]
[Site "Madrid"]
[Date "2019.11.24"]
[Round "1.5"]
[White "Alfaya Marcelo, Roberto"]
[Black "Garcia Bartolome, Sergio"]
[Result "1-0"]
[WhiteElo "2171"]
[BlackElo "2063"]
[PlyCount "115"]
[EventDate "2019.11.24"]
[EventType "team-tourn"]
[EventRounds "14"]
[EventCountry "ESP"]
[SourceVersionDate "2019.11.24"]
[WhiteTeam "San Sebastian de los Reyes"]
[BlackTeam "Liberty Chess"]
[WhiteTeamCountry "ESP"]
[BlackTeamCountry "ESP"]

1. d4 Nf6 2. c4 e6 3. Nc3 d5 4. cxd5 exd5 5. Bg5 Be7 6. e3 O-O 7. Qc2 c6 8. Nf3
Nbd7 9. Bd3 h6 10. Bh4 Re8 11. O-O Ne4 12. Bg3 f5 13. Nxd5 Nxg3 14. Nxe7+ Qxe7
15. hxg3 g6 16. Rab1 Kg7 17. b4 a6 18. Rfc1 Nf6 19. Qc5 Be6 20. Qxe7+ Rxe7 21.
a4 Ng4 22. b5 axb5 23. axb5 cxb5 24. Nh2 Nxh2 25. Kxh2 Ra2 26. Kg1 Rd2 27. Bxb5
Bd5 28. Bc4 Be4 29. Ra1 g5 30. Ra2 Rxa2 31. Bxa2 b5 32. f3 Bd3 33. Kf2 Ra7 34.
Bd5 Ra4 35. e4 f4 36. gxf4 gxf4 37. Rc7+ Kg6 38. Rf7 Bc4 39. Bxc4 Rxc4 40. Rxf4
b4 41. Rf5 Rxd4 42. Ke3 Rc4 43. Rb5 Rc3+ 44. Kd4 Rc2 45. g4 Rf2 46. Ke3 Rb2 47.
f4 b3 48. Rb6+ Kg7 49. e5 Rb1 50. Ke4 Re1+ 51. Kf5 Re3 52. Rb7+ Kf8 53. Kf6 Ke8
54. e6 Kd8 55. f5 Kc8 56. Rb4 Kd8 57. Kf7 Rg3 58. e7+ 1-0

[Event "Madrid-chT 1920"]
[Site "Madrid"]
[Date "2019.11.24"]
[Round "1.6"]
[White "Tereso Martin, Antonio Luis"]
[Black "Hernandez Ramos, David"]
[Result "1-0"]
[WhiteElo "1950"]
[BlackElo "2068"]
[PlyCount "97"]
[EventDate "2019.11.24"]
[EventType "team-tourn"]
[EventRounds "14"]
[EventCountry "ESP"]
[SourceVersionDate "2019.11.24"]
[WhiteTeam "Liberty Chess"]
[BlackTeam "San Sebastian de los Reyes"]
[WhiteTeamCountry "ESP"]
[BlackTeamCountry "ESP"]

1. b3 Nf6 2. Bb2 e6 3. e3 Be7 4. f4 d5 5. Nf3 c5 6. Bb5+ Bd7 7. a4 O-O 8. O-O
a6 9. Bxd7 Nfxd7 10. Nc3 Bf6 11. Qe2 Nc6 12. Kh1 Qc7 13. g4 Rfe8 14. g5 Bxc3
15. Bxc3 e5 16. fxe5 Ndxe5 17. Nxe5 Nxe5 18. Qg2 Rad8 19. Rf4 Ng6 20. Rg4 d4
21. exd4 cxd4 22. Rxd4 Rxd4 23. Bxd4 Nh4 24. Qd5 Re2 25. Bg1 Rxd2 26. Re1 h5
27. Re8+ Kh7 28. Qe4+ Ng6 29. c4 Rd8 30. Rxd8 Qxd8 31. Qxb7 Qxg5 32. Qd5 Qxd5+
33. cxd5 Nf8 34. b4 Nd7 35. b5 axb5 36. a5 b4 37. a6 b3 38. Bd4 Nb6 39. a7 b2
40. Bxb2 Kg8 41. d6 Kf8 42. Bxg7+ Ke8 43. Bd4 Na8 44. Kg2 Kd7 45. Bc5 Kc6 46.
h4 Kd7 47. Kf3 Ke6 48. Kf4 f6 49. Ke4 1-0

[Event "Madrid-chT 1920"]
[Site "Madrid"]
[Date "2019.11.24"]
[Round "1.1"]
[White "Elissalt Cardenas, Hector"]
[Black "Valles Moreno, Ivan"]
[Result "0-1"]
[WhiteElo "2280"]
[BlackElo "2420"]
[PlyCount "64"]
[EventDate "2019.11.24"]
[EventType "team-tourn"]
[EventRounds "14"]
[EventCountry "ESP"]
[SourceVersionDate "2019.11.24"]
[WhiteTeam "Tajamar"]
[BlackTeam "Villalba 64"]
[WhiteTeamCountry "ESP"]
[BlackTeamCountry "ESP"]

1. d4 f5 2. g3 Nf6 3. Bg2 g6 4. c4 Bg7 5. Nc3 O-O 6. Bg5 Nc6 7. e3 d6 8. h4 h6
9. Bxf6 Bxf6 10. Nge2 e5 11. Qd2 Bg7 12. O-O-O exd4 13. exd4 Kh7 14. Kb1 Bd7
15. Nd5 a5 16. h5 g5 17. f4 g4 18. Ndc3 a4 19. Nb5 Na5 20. Qd3 Bxb5 21. cxb5 d5
22. Nc3 c6 23. Nxa4 Nc4 24. Nc3 Qa5 25. Rhe1 Qb4 26. b3 Na3+ 27. Kb2 Nxb5 28.
Nxb5 cxb5 29. Re2 Kh8 30. Kb1 Rfc8 31. Qxf5 Bxd4 32. Re5 Qxb3+ 0-1

[Event "Madrid-chT 1920"]
[Site "Madrid"]
[Date "2019.11.24"]
[Round "1.2"]
[White "Khamrakulov, Ibragim S"]
[Black "Rodriguez Lopez, David"]
[Result "1/2-1/2"]
[WhiteElo "2417"]
[BlackElo "2149"]
[PlyCount "34"]
[EventDate "2019.11.24"]
[EventType "team-tourn"]
[EventRounds "14"]
[EventCountry "ESP"]
[SourceVersionDate "2019.11.24"]
[WhiteTeam "Villalba 64"]
[BlackTeam "Tajamar"]
[WhiteTeamCountry "ESP"]
[BlackTeamCountry "ESP"]

1. e4 e5 2. Nf3 Nc6 3. Bc4 Be7 4. d4 d6 5. h3 exd4 6. Nxd4 Nf6 7. Nc3 Nxd4 8.
Qxd4 O-O 9. Be3 Nd7 10. Nd5 Bf6 11. Nxf6+ Qxf6 12. c3 Re8 13. f3 Qh4+ 14. Bf2
Qf4 15. Be3 Qg3+ 16. Bf2 Qf4 17. Be3 Qg3+ 1/2-1/2